Passive Source Localization of Randomly Distributed Nodes in Wireless Sensor Networks/ (Record no. 608414)

000 -LEADER
fixed length control field 00419nam a22001217a 4500
082 ## - DEWEY DECIMAL CLASSIFICATION NUMBER
Classification number 621.3
100 ## - MAIN ENTRY--PERSONAL NAME
Personal name Niaz, Muhammad Tabish
9 (RLIN) 121586
245 ## - TITLE STATEMENT
Title Passive Source Localization of Randomly Distributed Nodes in Wireless Sensor Networks/
Statement of responsibility, etc. Muhammad Tabish Niaz
260 ## - PUBLICATION, DISTRIBUTION, ETC.
Place of publication, distribution, etc. Rawalpindi
Name of publisher, distributor, etc. MCS NUST,
Date of publication, distribution, etc. 2012
300 ## - PHYSICAL DESCRIPTION
Extent 70 p. : ill. ; 30 cm
650 ## - SUBJECT ADDED ENTRY--TOPICAL TERM
Topical term or geographic name entry element Electrical Engineering -MS Thesis
9 (RLIN) 16073
942 ## - ADDED ENTRY ELEMENTS (KOHA)
Source of classification or shelving scheme
Koha item type Thesis
Holdings
Withdrawn status Lost status Source of classification or shelving scheme Damaged status Not for loan Permanent Location Current Location Shelving location Date acquired Total Checkouts Full call number Barcode Date last seen Price effective from Koha item type
          Military College of Signals (MCS) Military College of Signals (MCS) Thesis 02/28/2024   621.3 MCSTEE-407 02/28/2024 02/28/2024 Thesis
© 2023 Central Library, National University of Sciences and Technology. All Rights Reserved.